000 01063cab a2200289 4500
001 ABS58870
008 090401t1998 xxu||||| |||| 00| 0 eng d
035 _a(Sirsi) u86915
041 _aeng
100 _aWorrall, J
245 _aCappuccino and carrots
260 _c1998
350 _a0
490 _aThe Valuer
_v67(3) May/June 1998, 4-5(2)
520 _aDiscusses the number of out-of-town shopping centres and superstores in the UK and the US, and considers their effect on town centres. Reviews some of the initiatives for attracting shoppers to market towns in the UK, and the work of Action for Market Towns which was formed in response to the loss of shops in villages and market towns.
650 _aACTION FOR MARKET TOWNS
650 _aBUSINESS RATES
650 _aCAR OWNERSHIP
650 _aFUTURE
650 _aMARKET TOWNS
650 _aPOPULATION GROWTH
650 _aREDUNDANT BUILDINGS GRANT
650 _aSMALL BUSINESSES
690 _aPROPERTY-COMMERCIAL PROPERTY-RETAIL PROPERTY
942 _n0
948 _c19/06/1998
999 _c54735
_d54735